000
00255nam a2200109Ia 4500
008
220204s9999 xx 000 0 und d
082
_a
82-3
_b
GIL
100
_a
Gilman, George G
245
4
_a
The Biggest bounty
260
_a
London
_b
Nel
_c
1978
942
_c
BK
999
_c
33521
_d
33521